[Event "M.Chigorin Memorial 2017 "]
[Site "?????-?????????"]
[Date "2017.10.24"]
[Round "4"]
[Board "54"]
[White "Litvinov, Maxim"]
[Black "Petrova, Irina"]
[Result "1-0"]
[WhiteElo "2373"]
[BlackElo "2174"]
[PlyCount "83"]
[EventDate "2017.10.21"]
[EventRounds "9"]
[EventCountry "RUS"]

1. e4 d6 2. d4 Nf6 3. Nc3 g6 4. g3 Bg7 5. Bg2 O-O 6. Nge2 e5 7. O-O Nc6 8. dxe5
dxe5 9. Bg5 Nd4 10. Nxd4 Qxd4 11. Qxd4 exd4 12. Nb5 c6 13. Nd6 h6 14. Bd2 Be6
15. c4 Ne8 16. Nxb7 Rb8 17. Na5 Rxb2 18. Bc1 Rc2 19. Ba3 Bxc4 20. Nxc4 Rxc4 21.
Rac1 Rc3 22. Bxf8 Kxf8 23. f4 Nc7 24. e5 Nd5 25. Bxd5 cxd5 26. Rfd1 f6 27. Rxc3
dxc3 28. Rxd5 fxe5 29. fxe5 Ke7 30. Rc5 Ke6 31. Rxc3 Bxe5 32. Rc6+ Kf7 33. g4
Bd4+ 34. Kg2 Bb6 35. Kf3 Kg7 36. Ke4 Kf7 37. Ke5 Kg7 38. Ke6 Bg1 39. Rc7+ Kg8
40. h3 Be3 41. Kf6 Bb6 42. Rg7+  1-0

[Event "M.Chigorin Memorial 2017 "]
[Site "?????-?????????"]
[Date "2017.10.24"]
[Round "4"]
[Board "55"]
[White "Palachev, Petr"]
[Black "Volkov, Roman"]
[Result "1-0"]
[WhiteElo "2372"]
[BlackElo "2165"]
[PlyCount "133"]
[EventDate "2017.10.21"]
[EventRounds "9"]
[EventCountry "RUS"]

1. Nf3 Nf6 2. g3 d5 3. Bg2 c6 4. O-O Bg4 5. h3 Bh5 6. d4 e6 7. c4 Bd6 8. b3 O-O
9. Bb2 Nbd7 10. Nbd2 Qe7 11. Ne5 Rfd8 12. g4 Bg6 13. Nxg6 hxg6 14. e3 e5 15. g5
Nh5 16. cxd5 cxd5 17. Qg4 e4 18. Rac1 Rac8 19. Nb1 Nb6 20. Rxc8 Rxc8 21. Nc3
Re8 22. Nb5 a6 23. Nxd6 Qxd6 24. Rc1 Nd7 25. Rc2 Rd8 26. f3 exf3 27. Qxf3 Nb6
28. a4 Ng3 29. a5 Nc8 30. Qxd5 Qxd5 31. Bxd5 Rxd5 32. Rxc8+ Kh7 33. Rc5 Rxc5
34. dxc5 Ne4 35. b4 Kg8 36. Bd4 Nxg5 37. b5 Ne6 38. c6 bxc6 39. bxa6 Nc7 40. a7
Kf8 41. Be5 Na8 42. Kf2 Ke7 43. Bxg7 Kd6 44. Ke2 Kc5 45. Bd4+ Kc4 46. Kd2 c5
47. Bf6 Kb4 48. Bd8 Kb3 49. h4 f5 50. e4 fxe4 51. Ke3 c4 52. Kxe4 Kb4 53. Kd4
c3 54. Kd3 Kb3 55. Ke4 Ka4 56. Kd3 Kb3 57. Bb6 Nxb6 58. axb6 c2 59. a8=Q c1=Q
60. Qd5+ Kb4 61. b7 Qd1+ 62. Ke4 Qg4+ 63. Ke5 Qf5+ 64. Kd6 Qf4+ 65. Kc6 Qc1+
66. Kd7 Qf4 67. Qd6+  1-0

[Event "M.Chigorin Memorial 2017 "]
[Site "?????-?????????"]
[Date "2017.10.24"]
[Round "4"]
[Board "56"]
[White "Yatzenko, Anton"]
[Black "Scheglov, Dmitry"]
[Result "1-0"]
[WhiteElo "2365"]
[BlackElo "2155"]
[PlyCount "103"]
[EventDate "2017.10.21"]
[EventRounds "9"]
[EventCountry "RUS"]

1. d4 Nf6 2. Bg5 d6 3. Nd2 Nbd7 4. e4 e6 5. Ngf3 Be7 6. Be2 O-O 7. O-O b6 8.
Re1 Bb7 9. Bf1 d5 10. e5 Ne8 11. Bxe7 Qxe7 12. Bd3 c5 13. c3 Nc7 14. Rc1 Rfc8
15. Nf1 c4 16. Bb1 b5 17. Re3 Nf8 18. h4 a5 19. h5 b4 20. N3h2 Nb5 21. Rg3 bxc3
22. bxc3 Bc6 23. Ng4 Kh8 24. Nf6 gxf6 25. Qg4 Ng6 26. hxg6 fxg6 27. Bxg6 Rg8
28. Qh4 Raf8 29. exf6 Rxf6 30. Bxh7 Rxg3 31. Bb1+ Kg8 32. Qxg3+ Kf8 33. Re1 Be8
34. Nh2 Bh5 35. a4 Nd6 36. Qe5 Rh6 37. Re3 Bd1 38. Qf4+ Rf6 39. Qh4 Qg7 40. Re1
Bxa4 41. Ng4 Rf4 42. Qd8+ Ne8 43. Ne5 Qf6 44. Qxa5 Rxf2 45. Qxa4 Rxg2+ 46. Kxg2
Qg5+ 47. Kf3 Qh5+ 48. Ke3 Qg5+ 49. Ke2 Qg2+ 50. Kd1 Nf6 51. Qa7 Kg8 52. Qf7+
 1-0

[Event "M.Chigorin Memorial 2017 "]
[Site "?????-?????????"]
[Date "2017.10.24"]
[Round "4"]
[Board "57"]
[White "Shubin, Kirill"]
[Black "Ivanov, Platon-Jaan"]
[Result "0-1"]
[WhiteElo "2359"]
[BlackElo "2134"]
[PlyCount "82"]
[EventDate "2017.10.21"]
[EventRounds "9"]
[EventCountry "RUS"]

1. e4 c6 2. d4 d5 3. exd5 cxd5 4. Bd3 Nf6 5. c3 Nc6 6. Bf4 Bg4 7. Qb3 Na5 8.
Qa4+ Bd7 9. Qc2 Bg4 10. Nd2 e6 11. Ngf3 Bxf3 12. Nxf3 Be7 13. Ne5 O-O 14. O-O
Rc8 15. Rae1 Nc4 16. Qe2 b5 17. g3 Qb6 18. h4 Rfd8 19. Bg5 Qd6 20. Bxf6 Bxf6
21. Bxh7+ Kxh7 22. Qh5+ Kg8 23. Qxf7+ Kh8 24. Ng6+ Kh7 25. Rxe6 Rc7 26. Nf8+
Qxf8 27. Qxc7 Nxb2 28. Qf4 Na4 29. Qf5+ Kg8 30. Re3 b4 31. c4 dxc4 32. Qb5 Bxd4
33. Qxc4+ Qf7 34. Re6 Nc3 35. Kg2 Nd5 36. Qc6 Qf5 37. Re8+ Rxe8 38. Qxe8+ Kh7
39. Kh2 Nc3 40. f4 Nxa2 41. h5 Nc3  0-1

[Event "M.Chigorin Memorial 2017 "]
[Site "?????-?????????"]
[Date "2017.10.24"]
[Round "4"]
[Board "58"]
[White "Mkrtchyan, Sargis R."]
[Black "Suleymanli, Aydin"]
[Result "1-0"]
[WhiteElo "2145"]
[BlackElo "2353"]
[PlyCount "89"]
[EventDate "2017.10.21"]
[EventRounds "9"]
[EventCountry "RUS"]

1. d4 d5 2. c4 c6 3. Nf3 Nf6 4. e3 e6 5. b3 Bd6 6. Bd3 Nbd7 7. Bb2 O-O 8. O-O
b6 9. Ne5 Bb7 10. Nd2 c5 11. cxd5 exd5 12. Nxd7 Nxd7 13. dxc5 Nxc5 14. Qg4 g6
15. Bc2 Qe7 16. Nf3 Ne4 17. Nd4 f5 18. Qe2 Be5 19. a4 Rac8 20. Bxe4 dxe4 21.
Ba3 Bd6 22. Bxd6 Qxd6 23. Rfd1 Qe5 24. a5 bxa5 25. Qd2 a6 26. Rxa5 Qf6 27. g3
Rfd8 28. b4 Rd7 29. Rc1 Rxc1+ 30. Qxc1 Qf7 31. b5 axb5 32. Rxb5 h6 33. h4 Bd5
34. Rb8+ Kh7 35. Qc8 Qg7 36. h5 gxh5 37. Nxf5 Qa1+ 38. Kh2 Be6 39. Nd4 Qf1 40.
Qh8+ Kg6 41. Qe8+ Kh7 42. Qxe6 Qxf2+ 43. Kh3 Qf1+ 44. Kh4 Qh1+ 45. Qh3  1-0

[Event "M.Chigorin Memorial 2017 "]
[Site "?????-?????????"]
[Date "2017.10.24"]
[Round "4"]
[Board "59"]
[White "Naboka, Sergey"]
[Black "Shirshov, Nikolay"]
[Result "0-1"]
[WhiteElo "2351"]
[BlackElo "2134"]
[PlyCount "158"]
[EventDate "2017.10.21"]
[EventRounds "9"]
[EventCountry "RUS"]

1. e4 c5 2. Nf3 e6 3. d4 cxd4 4. Nxd4 Nf6 5. Bd3 Be7 6. Nc3 d6 7. Qe2 a6 8. f4
b5 9. a3 Bb7 10. Nf3 Nbd7 11. O-O Qc7 12. Kh1 O-O 13. Be3 Rac8 14. Rae1 Qb8 15.
e5 dxe5 16. fxe5 Bxf3 17. Rxf3 Nxe5 18. Bf4 Nxf3 19. Bxb8 Nxe1 20. Qxe1 Rxb8
21. Ne4 Nxe4 22. Qxe4 g6 23. g3 Rfc8 24. Kg2 Bf8 25. h4 Bg7 26. b3 Rc5 27. Kh3
a5 28. Qe1 Rc3 29. Qe4 b4 30. a4 Rbc8 31. Kg2 R3c5 32. Bc4 Rd8 33. Bd3 Rc3 34.
Qb7 Rdxd3 35. Qa8+ Bf8 36. cxd3 Rxd3 37. Qxa5 Rxb3 38. Qb6 Ra3 39. a5 b3 40. a6
Ra2+ 41. Kh3 b2 42. a7 h5 43. Qb3 Rxa7 44. Qxb2 Ra8 45. Kg2 Bg7 46. Qb5 Ra2+
47. Kf3 Bf6 48. g4 Ra3+ 49. Kg2 hxg4 50. h5 gxh5 51. Qxh5 Ra4 52. Qh6 Bg7 53.
Qg5 Rd4 54. Qe7 Re4 55. Kg3 Bh6 56. Kf2 Kg7 57. Qb7 Re3 58. Qb2+ e5 59. Kg2 Bf4
60. Qc2 Kf6 61. Qc6+ Kg5 62. Qc4 Rg3+ 63. Kf2 Rf3+ 64. Kg2 Be3 65. Qe4 Bd4 66.
Qh7 f5 67. Qg7+ Kf4 68. Qh6+ Ke4 69. Qc6+ Kd3 70. Qa6+ Kd2 71. Qa2+ Ke3 72.
Qa3+ Kf4 73. Qc1+ Re3 74. Qf1+ Kg5 75. Qc4 Rc3 76. Qf7 Rc2+ 77. Kh1 Rf2 78.
Qg7+ Kf4 79. Qb7 g3  0-1

[Event "M.Chigorin Memorial 2017 "]
[Site "?????-?????????"]
[Date "2017.10.24"]
[Round "4"]
[Board "60"]
[White "Golikov, Daniil"]
[Black "Nesterov, Arseniy"]
[Result "0-1"]
[WhiteElo "2138"]
[BlackElo "2350"]
[PlyCount "162"]
[EventDate "2017.10.21"]
[EventRounds "9"]
[EventCountry "RUS"]

1. Nf3 Nf6 2. g3 d5 3. Bg2 Bf5 4. O-O e6 5. d3 Be7 6. h3 h6 7. Nfd2 Bh7 8. e4
O-O 9. f4 c5 10. Nc3 Nc6 11. g4 dxe4 12. Ndxe4 Qd4+ 13. Kh2 Rad8 14. Qe2 Qd7
15. Qf2 b6 16. Kh1 Ne8 17. Be3 Nd4 18. Bxd4 cxd4 19. Ne2 f5 20. gxf5 exf5 21.
Nd2 Bf6 22. Nf3 Qd6 23. Rfd1 Nc7 24. Nd2 Rfe8 25. Nc4 Qc5 26. Nc1 Ne6 27. Rf1
Qc7 28. a4 Bg6 29. Ne2 a6 30. Qf3 b5 31. axb5 axb5 32. Na3 Qc5 33. Nc1 Nc7 34.
Qc6 Qxc6 35. Bxc6 Re6 36. Bg2 Bf7 37. Nb3 Re2 38. Rae1 Rde8 39. Rxe2 Rxe2 40.
Bf3 Re3 41. Nc5 Rxf3 42. Rxf3 Bd5 43. Kg2 Bh4 44. Nd7 Ne6 45. Ne5 b4 46. Nac4
Nxf4+ 47. Kh2 Bxf3 48. Nxf3 Bf6 49. Nd6 g6 50. Nb5 Ne6 51. b3 g5 52. Na7 g4 53.
hxg4 fxg4 54. Nd2 Be5+ 55. Kg1 Kf7 56. Nc6 Bd6 57. Nc4 Bf4 58. N4e5+ Bxe5 59.
Nxe5+ Ke7 60. Nxg4 h5 61. Ne5 Kd6 62. Nf3 Kd5 63. Kf2 Ng7 64. Nh4 Ke5 65. Nf3+
Kd5 66. Nh4 Ne6 67. Nf3 Nc7 68. Kg3 Nb5 69. Kf4 Na3 70. Ne1 Kd6 71. Kg5 Ke5 72.
Nf3+ Kd5 73. Ne1 Ke6 74. Kxh5 Kf5 75. Kh6 Kf4 76. Kg6 Ke3 77. Kf5 Kd2 78. Nf3+
Kc3 79. Ke4 Nxc2 80. Ng1 Kxb3 81. Ne2 Ka3  0-1

[Event "M.Chigorin Memorial 2017 "]
[Site "?????-?????????"]
[Date "2017.10.24"]
[Round "4"]
[Board "61"]
[White "Belenkaya, Dina"]
[Black "Krasovskiy, Sviatoslav"]
[Result "1/2-1/2"]
[WhiteElo "2346"]
[BlackElo "2128"]
[PlyCount "113"]
[EventDate "2017.10.21"]
[EventRounds "9"]
[EventCountry "RUS"]

1. e4 Nf6 2. e5 Nd5 3. d4 d6 4. c4 Nb6 5. exd6 exd6 6. Nc3 Be7 7. Bd3 O-O 8.
Nge2 Nc6 9. O-O Re8 10. b3 a5 11. Be3 Nb4 12. Bb1 a4 13. d5 Bf6 14. a3 axb3 15.
Qxb3 Na6 16. Bxb6 cxb6 17. Bc2 Nc5 18. Qb1 Na4 19. Qb4 Nxc3 20. Nxc3 b5 21.
Rae1 Rxe1 22. Rxe1 Bxc3 23. Qxc3 bxc4 24. Qxc4 Bd7 25. Qf4 Qf6 26. Qb4 b5 27.
Bd3 g6 28. Bf1 Ra4 29. Qb3 Kg7 30. g3 Ra8 31. Rc1 Ra7 32. Qe3 Rb7 33. Rb1 Rc7
34. Bxb5 Rc3 35. Qa7 Bxb5 36. Rxb5 Qf3 37. Qd4+ Kh6 38. Qd2+ Kg7 39. Qd4+ Kh6
40. Qf4+ Qxf4 41. gxf4 Rxa3 42. Rb6 Rf3 43. Rxd6 Rxf4 44. Kf1 Kg7 45. Ra6 Rd4
46. Ra5 Kf6 47. Ke2 Rh4 48. Ke3 Rxh2 49. f4 h5 50. Ra6+ Ke7 51. Ra7+ Kd6 52.
Rxf7 Kxd5 53. Rf6 Rg2 54. Kf3 Rg4 55. Ra6 Kd4 56. Rd6+ Kc5 57. Rf6  1/2-1/2

[Event "M.Chigorin Memorial 2017 "]
[Site "?????-?????????"]
[Date "2017.10.24"]
[Round "4"]
[Board "62"]
[White "Kamnev, Alexander"]
[Black "Bykov, Egor"]
[Result "0-1"]
[WhiteElo "2132"]
[BlackElo "2346"]
[PlyCount "98"]
[EventDate "2017.10.21"]
[EventRounds "9"]
[EventCountry "RUS"]

1. e4 e5 2. Nf3 Nc6 3. Bb5 a6 4. Ba4 Nf6 5. O-O Be7 6. d3 b5 7. Bb3 d6 8. a4 b4
9. a5 O-O 10. h3 Be6 11. Nbd2 Rb8 12. Nc4 h6 13. Re1 Qc8 14. Be3 Qb7 15. Qe2
Rfe8 16. Bd2 Bf8 17. Ba4 Nd7 18. c3 bxc3 19. Bxc3 Nc5 20. Bc2 Nb3 21. Bxb3 Qxb3
22. Ncd2 Qb5 23. d4 exd4 24. Nxd4 Nxd4 25. Bxd4 Qxe2 26. Rxe2 f5 27. e5 c5 28.
Bc3 d5 29. Nf1 d4 30. Be1 Rb5 31. g4 fxg4 32. hxg4 Bxg4 33. Re4 Bf5 34. Re2
Reb8 35. e6 Re8 36. Re5 Bxe6 37. b4 Bd6 38. Rh5 g6 39. Rxh6 Kg7 40. bxc5 Kxh6
41. cxd6 Rd8 42. Bd2+ g5 43. f4 Rxd6 44. fxg5+ Kg6 45. Ng3 Rb2 46. Rf1 Rxd2 47.
Ne4 Bh3 48. Nxd2 Bxf1 49. Kxf1 Re6  0-1

[Event "M.Chigorin Memorial 2017 "]
[Site "?????-?????????"]
[Date "2017.10.24"]
[Round "4"]
[Board "63"]
[White "Bondarenko, Ivan"]
[Black "Chen, Qi B"]
[Result "1/2-1/2"]
[WhiteElo "2131"]
[BlackElo "2345"]
[PlyCount "120"]
[EventDate "2017.10.21"]
[EventRounds "9"]
[EventCountry "RUS"]

1. d4 Nf6 2. c4 e6 3. Nc3 Bb4 4. Nf3 b6 5. Bg5 Bb7 6. Nd2 c5 7. a3 Bxc3 8. bxc3
d6 9. f3 h6 10. Bh4 Nbd7 11. e4 e5 12. Be2 Nf8 13. Bf2 Ng6 14. g3 cxd4 15. cxd4
O-O 16. O-O Nd7 17. Re1 Rc8 18. Nf1 Nb8 19. Ne3 Nc6 20. dxe5 dxe5 21. Nd5 Na5
22. Rc1 Ne7 23. Qa4 Ba6 24. Nxe7+ Qxe7 25. c5 Bxe2 26. Rxe2 Qe6 27. Rcc2 Rfd8
28. cxb6 axb6 29. Rxc8 Rxc8 30. Kg2 Nc4 31. Re1 Qc6 32. Qxc6 Rxc6 33. a4 Nb2
34. Ra1 Rc4 35. Bxb6 Nxa4 36. Bf2 Nb2 37. Ra2 Nd3 38. Rd2 Rc3 39. h4 g6 40. Ra2
Kg7 41. g4 Rb3 42. Kg3 Rc3 43. Rd2 Ra3 44. Rc2 Rb3 45. Ra2 Rb2 46. Rxb2 Nxb2
47. h5 Nc4 48. hxg6 Kxg6 49. Bc5 f6 50. Bf8 Nb2 51. Bc5 Nd3 52. Be3 h5 53. Kh4
hxg4 54. Kxg4 Nb4 55. f4 exf4 56. Kxf4 Nd3+ 57. Kf3 Ne5+ 58. Kf4 Nd3+ 59. Kg3
f5 60. exf5+ Kxf5  1/2-1/2

[Event "M.Chigorin Memorial 2017 "]
[Site "?????-?????????"]
[Date "2017.10.24"]
[Round "4"]
[Board "64"]
[White "Soumya, Swaminathan"]
[Black "Sakorenko, Adriana"]
[Result "1-0"]
[WhiteElo "2320"]
[BlackElo "2127"]
[PlyCount "115"]
[EventDate "2017.10.21"]
[EventRounds "9"]
[EventCountry "RUS"]

1. d4 d5 2. c4 e6 3. Nf3 Nf6 4. g3 Be7 5. Bg2 O-O 6. O-O a6 7. Qc2 Nbd7 8. c5
c6 9. Nc3 b6 10. cxb6 Qxb6 11. Be3 Bb7 12. Rac1 Rfc8 13. Na4 Qa5 14. Ne1 Nb6
15. Nc5 Bxc5 16. dxc5 Nc4 17. Bd4 e5 18. Bc3 Qxc5 19. b3 Na3 20. Qd2 Qb6 21.
Bxe5 Ne8 22. Nd3 Nb5 23. Nc5 f6 24. Bb2 Ned6 25. Bh3 Re8 26. a4 Na7 27. Bd4 Qc7
28. Qf4 Qe7 29. Nxb7 Nxb7 30. Bxa7 Rxa7 31. Rxc6 Qxe2 32. Qd4 Nd8 33. Rc8 Qe7
34. Qxd5+ Kf8 35. Rd1 Nf7 36. Qc6 Rxc8 37. Bxc8 Ne5 38. Qd5 a5 39. Be6 g5 40.
Rc1 Rc7 41. Qa8+ Kg7 42. Qg8+ Kh6 43. Rxc7 Qxc7 44. Qf8+ Kg6 45. Qg8+ Kh6 46.
Bf5 Qe7 47. Kg2 Qb7+ 48. Kh3 Qe7 49. Qe6 Qg7 50. g4 Qf8 51. Qb6 Ng6 52. Bxg6
Kxg6 53. Qxa5 Qh6+ 54. Kg2 Qh4 55. Qf5+ Kg7 56. a5 h5 57. Qd7+ Kh6 58. h3  1-0

[Event "M.Chigorin Memorial 2017 "]
[Site "?????-?????????"]
[Date "2017.10.24"]
[Round "4"]
[Board "65"]
[White "Eryshkanova, Anastasiya"]
[Black "Timerkhanov, Alexander"]
[Result "1-0"]
[WhiteElo "2127"]
[BlackElo "2312"]
[PlyCount "91"]
[EventDate "2017.10.21"]
[EventRounds "9"]
[EventCountry "RUS"]

1. e4 c5 2. Nf3 d6 3. d4 cxd4 4. Nxd4 Nf6 5. Nc3 g6 6. f3 Bg7 7. Be3 O-O 8. Bc4
Nc6 9. Qd2 Bd7 10. Bb3 Ne5 11. O-O-O Rc8 12. g4 Nc4 13. Bxc4 Rxc4 14. Kb1 b5
15. h4 b4 16. Nd5 Nxd5 17. exd5 f5 18. h5 f4 19. Bf2 g5 20. Qe2 Rc7 21. Ne6
Bxe6 22. Qxe6+ Kh8 23. Bd4 Bxd4 24. Rxd4 Rf6 25. Qe2 Rc5 26. Re1 Rf7 27. Qe6
Kg7 28. Rxb4 Qc8 29. Qe4 a5 30. Rb3 a4 31. Rb4 a3 32. b3 Qa8 33. c4 Kg8 34. Qe6
Kg7 35. Kc2 Rc7 36. Ra4 Ra7 37. Rxa7 Qxa7 38. Kc3 Kf8 39. b4 Rf6 40. Qe4 Qf2
41. Qxe7+ Kg8 42. Qe2 Qg3 43. Kb3 Kg7 44. Qe7+ Kg8 45. Qxf6 Qxe1 46. Qe6+  1-0

[Event "M.Chigorin Memorial 2017 "]
[Site "?????-?????????"]
[Date "2017.10.24"]
[Round "4"]
[Board "66"]
[White "Donskov, Anatoly"]
[Black "Emanuel, Yahav"]
[Result "1-0"]
[WhiteElo "2308"]
[BlackElo "2088"]
[PlyCount "159"]
[EventDate "2017.10.21"]
[EventRounds "9"]
[EventCountry "RUS"]

1. e4 e5 2. Nf3 Nc6 3. Bb5 a6 4. Ba4 Nf6 5. O-O Be7 6. Re1 b5 7. Bb3 d6 8. c3
O-O 9. h3 Nb8 10. d4 Nbd7 11. Nbd2 Bb7 12. Bc2 Re8 13. a4 c6 14. Bd3 Bf8 15. b4
Nb6 16. axb5 axb5 17. Rxa8 Qxa8 18. dxe5 dxe5 19. Nb3 Nfd7 20. Qc2 Ba6 21. Be3
Na4 22. Rd1 Qc8 23. Bf1 h6 24. Ne1 c5 25. Nxc5 Ndxc5 26. bxc5 Bxc5 27. Bxc5
Nxc5 28. Rb1 Qc6 29. Rb4 Rc8 30. Nf3 Nd7 31. Qa2 g6 32. Rb1 Rb8 33. Rd1 Bb7 34.
Qd2 Nf8 35. Qxh6 Qxc3 36. Rc1 Qb2 37. Re1 Bc6 38. h4 Qb4 39. Bd3 Qd6 40. Bc2
Qf6 41. Bb3 Ra8 42. Re3 Be8 43. g3 b4 44. Kg2 Rc8 45. Bd5 Bc6 46. Bb3 Bb5 47.
Ng5 Be8 48. Rf3 Qg7 49. Bxf7+ Bxf7 50. Qxg7+ Kxg7 51. Rxf7+ Kg8 52. Rb7 Rc4 53.
Kh3 Rc2 54. f3 Rb2 55. Kg4 b3 56. Nf7 Ne6 57. Nxe5 Nc5 58. Rb5 Rc2 59. Nxg6 b2
60. h5 Kg7 61. Nf4 Na4 62. Nd3 Rd2 63. Nxb2 Nxb2 64. Kg5 Nc4 65. Rb7+ Kg8 66.
Rb8+ Kh7 67. Rb7+ Kg8 68. g4 Rf2 69. Rb8+ Kh7 70. Rb7+ Kg8 71. f4 Nd6 72. Rb4
Kg7 73. e5 Nf7+ 74. Kh4 Rf3 75. g5 Re3 76. Rb7 Kf8 77. Kg4 Re4 78. Kf5 Ra4 79.
g6 Nh6+ 80. Kg5  1-0

[Event "M.Chigorin Memorial 2017 "]
[Site "?????-?????????"]
[Date "2017.10.24"]
[Round "4"]
[Board "67"]
[White "Tsapalin, Sergey"]
[Black "Remizov, Yaroslav"]
[Result "1/2-1/2"]
[WhiteElo "2016"]
[BlackElo "2306"]
[PlyCount "131"]
[EventDate "2017.10.21"]
[EventRounds "9"]
[EventCountry "RUS"]

1. d4 d5 2. c4 e6 3. Nc3 c6 4. e4 dxe4 5. Nxe4 Bb4+ 6. Nc3 c5 7. a3 Ba5 8. Nf3
Nf6 9. Be3 Nc6 10. Qd3 Bxc3+ 11. bxc3 Qa5 12. dxc5 Ne4 13. Be2 Nxc5 14. Qc2 Qa4
15. Qxa4 Nxa4 16. Kd2 e5 17. c5 Bf5 18. Bb5 O-O-O+ 19. Kc1 Nxc3 20. Bxc6 bxc6
21. Nxe5 Kc7 22. Re1 Rd5 23. Nxf7 Re8 24. Nd6 Re6 25. Nxf5 Rxf5 26. Kc2 Ne4 27.
f3 Nxc5 28. Bd4 a6 29. Rad1 Rd5 30. Bxg7 Rg5 31. Rxe6 Nxe6 32. Bc3 Rxg2+ 33.
Rd2 Rxd2+ 34. Kxd2 Kd6 35. Ke3 Nc7 36. Ke4 Nd5 37. Be5+ Ke6 38. f4 Ne7 39. Bd4
Nf5 40. Bc5 h5 41. a4 h4 42. h3 Ng3+ 43. Kf3 Kf5 44. Bf2 Nh5 45. Be3 Nf6 46.
Bc5 Nd5 47. Bd6 a5 48. Bc5 Nxf4 49. Bb6 Nxh3 50. Bxa5 Ng5+ 51. Kg2 Kg4 52. Be1
h3+ 53. Kh1 Ne4 54. a5 Nc5 55. Kh2 Na6 56. Bc3 c5 57. Bh8 c4 58. Bc3 Nc5 59.
Bd4 Na6 60. Bc3 Nc7 61. Be5 Nb5 62. a6 Kf5 63. Bb2 Ke4 64. Kxh3 Kd5 65. Kg4 Kc6
66. Kf4  1/2-1/2

[Event "M.Chigorin Memorial 2017 "]
[Site "?????-?????????"]
[Date "2017.10.24"]
[Round "4"]
[Board "68"]
[White "Konaplev, Anton"]
[Black "Malinovsky, Ilya"]
[Result "1-0"]
[WhiteElo "2298"]
[BlackElo "2044"]
[PlyCount "115"]
[EventDate "2017.10.21"]
[EventRounds "9"]
[EventCountry "RUS"]

1. d4 e6 2. c4 f5 3. Nf3 Nf6 4. Bf4 b6 5. e3 Bb7 6. Be2 Be7 7. O-O O-O 8. Nc3
Nh5 9. d5 Nxf4 10. exf4 Qe8 11. Nd4 Bd6 12. Qd2 Na6 13. Rfe1 Qg6 14. Bf3 Qh6
15. g3 e5 16. Ndb5 e4 17. Bg2 Bc5 18. a3 c6 19. Nd4 Bxd4 20. Qxd4 Nc5 21. Rad1
Rae8 22. h4 Ba6 23. Bf1 Nb3 24. Qe3 Na5 25. c5 Bxf1 26. Kxf1 Nc4 27. Qe2 b5 28.
a4 a6 29. b3 Na5 30. Qa2 b4 31. Ne2 Qh5 32. Nd4 cxd5 33. Qd2 Qg4 34. Re3 Nc6
35. Nc2 Kh8 36. Qxd5 Ne5 37. Kg1 Ng6 38. Kf1 Ne5 39. Kg1 Nd3 40. Rdxd3 exd3 41.
Qxd3 Rc8 42. Nxb4 Rxc5 43. Nxa6 Rc1+ 44. Kg2 Qg6 45. Nb4 Qb6 46. Nd5 Qc6 47.
Qxf5 Rg8 48. Qe4 Ra1 49. Nc3 Qc5 50. b4 Qc8 51. h5 Rc1 52. Nd5 Rc4 53. Qe5 Qa8
54. h6 d6 55. hxg7+ Rxg7 56. Qe8+ Rg8 57. Qxa8 Rxa8 58. Nb6  1-0

[Event "M.Chigorin Memorial 2017 "]
[Site "?????-?????????"]
[Date "2017.10.24"]
[Round "4"]
[Board "69"]
[White "Ansat, Aldiyar"]
[Black "Gogin, Maksim"]
[Result "0-1"]
[WhiteElo "1996"]
[BlackElo "2296"]
[PlyCount "86"]
[EventDate "2017.10.21"]
[EventRounds "9"]
[EventCountry "RUS"]

1. e4 c5 2. c3 Nf6 3. e5 Nd5 4. Nf3 e6 5. Bc4 Nb6 6. Bb3 d6 7. d4 cxd4 8. cxd4
dxe5 9. Nxe5 N8d7 10. O-O Nf6 11. Nc3 Be7 12. Bg5 O-O 13. Qd3 Nbd5 14. a3 Qd6
15. Bc2 g6 16. Qf3 Qb6 17. Nxd5 exd5 18. Rfe1 Bd8 19. h4 Kg7 20. Qe3 Re8 21. b4
a5 22. bxa5 Rxa5 23. Qf4 Be6 24. g4 Ng8 25. Bxd8 Qxd8 26. g5 h5 27. Re3 Qc7 28.
Bd3 Qc8 29. Rf3 Re7 30. Rc1 Qe8 31. Bb1 Ra6 32. Rfc3 Qd8 33. Qd2 Qb6 34. f4 Ra4
35. Rd1 Rc7 36. Rxc7 Qxc7 37. f5 gxf5 38. Qf4 Ne7 39. Qf3 Rxd4 40. Rxd4 Qxe5
41. Rb4 d4 42. Qxh5 Qe1+ 43. Kh2 Qf2+  0-1

[Event "M.Chigorin Memorial 2017 "]
[Site "?????-?????????"]
[Date "2017.10.24"]
[Round "4"]
[Board "70"]
[White "Ivlev, Aleksey"]
[Black "Sergeeva, Natalia"]
[Result "1-0"]
[WhiteElo "2296"]
[BlackElo "1994"]
[PlyCount "53"]
[EventDate "2017.10.21"]
[EventRounds "9"]
[EventCountry "RUS"]

1. d4 Nf6 2. c4 g6 3. Nc3 d5 4. cxd5 Nxd5 5. e4 Nxc3 6. bxc3 Bg7 7. Nf3 c5 8.
Rb1 O-O 9. Be2 b6 10. O-O Bb7 11. d5 Qc7 12. c4 Nd7 13. Bg5 Nf6 14. Bd3 Rfd8
15. Qe2 h6 16. Bd2 Kh7 17. e5 Ne8 18. Rfe1 Qc8 19. e6 f5 20. Nh4 Nd6 21. g4 Bf6
22. gxf5 Bxh4 23. fxg6+ Kg8 24. Qh5 Bf6 25. Qxh6 b5 26. Qh7+ Kf8 27. Bh6+  1-0

[Event "M.Chigorin Memorial 2017 "]
[Site "?????-?????????"]
[Date "2017.10.24"]
[Round "4"]
[Board "71"]
[White "Yeritsyan, Aram"]
[Black "Slugin, Yaroslav"]
[Result "1-0"]
[WhiteElo "2293"]
[BlackElo "1992"]
[PlyCount "65"]
[EventDate "2017.10.21"]
[EventRounds "9"]
[EventCountry "RUS"]

1. e4 c5 2. Nf3 Nc6 3. d4 cxd4 4. Nxd4 Nf6 5. Nc3 d6 6. Bg5 e6 7. Qd2 h6 8.
Bxf6 gxf6 9. Nb3 a6 10. f4 b5 11. O-O-O Qb6 12. Be2 h5 13. Kb1 Bb7 14. Rhf1
O-O-O 15. Qe1 Be7 16. a4 b4 17. a5 Nxa5 18. Na4 Qc7 19. Qxb4 Nc6 20. Qe1 Kb8
21. Rf3 Rc8 22. Rc3 d5 23. exd5 Bb4 24. d6 Bxd6 25. Nbc5 Bxc5 26. Nxc5 Qa5 27.
Rd7 Rc7 28. Nxa6+ Bxa6 29. Rxc7 Qxc7 30. Bxa6 Qd6 31. Rb3+ Kc7 32. Rb7+ Kd8 33.
Bb5  1-0

[Event "M.Chigorin Memorial 2017 "]
[Site "?????-?????????"]
[Date "2017.10.24"]
[Round "4"]
[Board "72"]
[White "Runets, Ivan"]
[Black "Artamonov, Valery"]
[Result "0-1"]
[WhiteElo "1945"]
[BlackElo "2273"]
[PlyCount "148"]
[EventDate "2017.10.21"]
[EventRounds "9"]
[EventCountry "RUS"]

1. d4 Nf6 2. Nf3 c5 3. c3 b6 4. g3 Bb7 5. Bg2 g6 6. O-O Bg7 7. Qb3 cxd4 8. Ne5
d5 9. cxd4 O-O 10. Nc3 Nc6 11. Nxc6 Bxc6 12. Bf4 Qd7 13. Be5 Rfd8 14. Rac1 Bh6
15. Rc2 Ne4 16. Bf4 Bxf4 17. gxf4 Nxc3 18. Rxc3 Bb5 19. Bh3 e6 20. Bg4 Rac8 21.
Rfc1 Rc4 22. e3 Rdc8 23. Rxc4 dxc4 24. Qd1 Bc6 25. Bf3 Bd5 26. Bxd5 exd5 27.
Qd2 Qg4+ 28. Kh1 Rc6 29. Qd1 Qf5 30. Qc2 Qh3 31. Qe2 b5 32. Qf1 Qf5 33. a3 h5
34. Qg2 a5 35. Qf3 b4 36. axb4 axb4 37. Rg1 c3 38. bxc3 bxc3 39. Rc1 c2 40. Qe2
h4 41. Kg2 Rc3 42. h3 Qe4+ 43. Kh2 Kg7 44. Qd2 Rc6 45. Qe2 Rc4 46. Qd2 Kf8 47.
Qe2 Qf5 48. Qd2 Ke7 49. Qe2 Rc6 50. Qd2 Kf8 51. Qb4+ Kg7 52. Qd2 Qc8 53. Qe2
Qc7 54. Kg2 Qc8 55. Kh2 Rc4 56. Qd2 Qc6 57. Qe2 Qa4 58. Qd2 Qb3 59. Qe2 Qb2 60.
Qd2 Kf8 61. Kg2 Ke7 62. Kf1 Rc3 63. Kg2 Kd7 64. Kf1 Kc6 65. Kg2 Kb6 66. Kf1 Ka5
67. Ke2 Ka4 68. Qe1 Kb3 69. Kd2 Rc4 70. Ke2 Ra4 71. Qd2 Qc3 72. Qd3 Kb2 73. Qd2
Ra3 74. Ke1 Qxd2+  0-1

[Event "M.Chigorin Memorial 2017 "]
[Site "?????-?????????"]
[Date "2017.10.24"]
[Round "4"]
[Board "73"]
[White "Dimitrova, Aleksandra"]
[Black "Pogorelskikh, Sofia"]
[Result "1-0"]
[WhiteElo "2262"]
[BlackElo "1959"]
[PlyCount "120"]
[EventDate "2017.10.21"]
[EventRounds "9"]
[EventCountry "RUS"]

1. e4 c5 2. Nf3 d6 3. d4 cxd4 4. Nxd4 Nf6 5. Nc3 a6 6. Be3 e5 7. Nb3 Be6 8. h3
Be7 9. Qf3 O-O 10. O-O-O b5 11. g4 b4 12. Nd5 Nxd5 13. exd5 Bc8 14. Bd3 a5 15.
Nd2 Ba6 16. Qe4 Bxd3 17. Qxd3 Qc7 18. Kb1 Na6 19. g5 a4 20. Rhg1 b3 21. cxb3
axb3 22. a3 Rfb8 23. Rg4 Qb7 24. h4 Nc7 25. Nc4 Qb5 26. h5 g6 27. Rh4 Ra4 28.
Bc1 Qxd5 29. hxg6 fxg6 30. Qe2 Qe6 31. Re4 Qf5 32. Ka1 Ra6 33. f4 Kg7 34. Rf1
Rf8 35. Rh1 Rc6 36. Nxe5 dxe5 37. Rxe5 Rc2 38. Rxe7+ Rf7 39. Rxf7+ Qxf7 40.
Qe5+ Kg8 41. Rd1 Qd5 42. Qe1 Qa8 43. Be3 Qe8 44. Bd4 Qxe1 45. Rxe1 Ne6 46. Be3
Rc4 47. Rc1 Re4 48. Rc3 Nxf4 49. Rxb3 Nd5 50. Bd2 Re2 51. Rd3 Nb6 52. b3 Rg2
53. a4 Kf7 54. a5 Nc8 55. b4 Ke6 56. b5 Rg4 57. b6 Ra4+ 58. Kb2 Ne7 59. Kb3 Ra1
60. Bc3 Rg1  1-0